| 000 | 01199nabaa22002417a 4500 | ||
|---|---|---|---|
| 999 |
_c6171 _d6171 |
||
| 003 | OSt | ||
| 005 | 20260123220313.0 | ||
| 008 | 190701b xxu||||| |||| 00| 0 spa d | ||
| 040 | _cPJ | ||
| 100 |
_96912 _aGandur, José A. |
||
| 245 | 1 | 0 |
_aPrincipio de igualdad y concurrencia en procesos licitatorios : _blimitación al alcance del vicio en el procedimiento administrativo / _cJosé A. Gandur. |
| 300 | _ap. 339-346 | ||
| 500 | _aCita: TR LALEY AR/DOC/360/2024 | ||
| 505 | _aSumario: I. Introducción.— II. Fallo.— III. Fundamentos fácticos y jurídicos.— IV. Vicio en el procedimiento.— V. Conclusión. | ||
| 505 | _aFallo comentado: CNFed. Contenciosoadministrativo, sala II ~ 24/10/2023 ~ Transport & Services SA c. EN - M Seguridad s/ proceso de conocimiento. | ||
| 505 | _t¿Te interesa el texto completo? Comunicate al correo: koha@justierradelfuego.gov.ar | ||
| 650 | 0 |
_9211 _aDERECHO ADMINISTRATIVO |
|
| 650 | 0 |
_91135 _aPROCEDIMIENTO ADMINISTRATIVO |
|
| 650 | 0 |
_91237 _aIGUALDAD ANTE LA LEY |
|
| 653 | _aVICIO PROCESAL | ||
| 773 | 0 |
_02842 _93251 _dBuenos Aires : AbeledoPerrot, 2012- _oDA121 _tDerecho administrativo. Nº 152 marzo/abril 2024 _z18510590 |
|
| 942 |
_2udc _cANA |
||